| 000 | 01291nam a2200325 a 4500 | ||
|---|---|---|---|
| 001 | 76861 | ||
| 003 | BD-RjUL | ||
| 005 | 20211209082910.0 | ||
| 008 | 200127s1984 enkacf b 00110aeng d | ||
| 020 | _a0333294416 | ||
| 035 | _a(BD-RjUL)77085 | ||
| 040 |
_aCaOONL _beng _cCaOONL _dBD-RjUL |
||
| 041 | _aeng | ||
| 055 | 0 | 0 |
_aPR4753 _bA34 1984 |
| 082 | 0 |
_219 _a823.8 _bHAL 1984 |
|
| 100 | 1 |
_aHardy, Thomas, _d1840-1928. _9238495 |
|
| 245 | 1 | 4 |
_aThe life and work of Thomas Hardy / _cby Thomas Hardy ; edited by Michael Millgate. |
| 260 |
_aLondon : _bMacmillan, _c1984. |
||
| 300 |
_axxxvii, 604 p., [16] p. of plates : _bill., ports. ; _c23 cm. |
||
| 500 | _a"An edition on new principles of the materials previously drawn upon for The early life of Thomas Hardy, 1840-1891, and The later years of Thomas Hardy, 1892-1928, published over the name of Florence Emily Hardy." | ||
| 504 | _aIncludes bibliographical references and index. | ||
| 600 | 1 | 0 |
_aHardy, Thomas, _d1840-1928. _9238499 |
| 650 | 0 |
_aAuthors, English _y19th century _vBiography. _9238496 |
|
| 700 | 1 |
_aMillgate, Michael, _d1929- _9238500 |
|
| 700 | 1 |
_aHardy, Florence Emily, _d1881-1937. _9238501 |
|
| 700 | 1 |
_aHardy, Florence Emily, _d1881-1937. _9238501 |
|
| 942 |
_2ddc _cBK |
||
| 999 |
_c76861 _d76861 |
||